000 01984cam a22004694i 4500
003 PE-LiUPU
005 20250731172739.0
008 150617s r 000 0 d
035 _a(Sirsi) a11932
040 _aPE-LiUPU
_bspa
_cPE-LiUPU
_erda
049 _aPRUA
082 0 4 _a232.109
_bP45
_221
100 1 _aPereira de Queiroz, María Isaura,
_eautor.
245 1 0 _aHistoria y etnología de los movimientos mesiánicos :
_breforma y revolución en las sociedades tradicionales /
_cMaría Isaura Pereira de Queiroz.
264 1 _aMéxico :
_bSiglo Veintiuno Editores,
_c1969.
300 _a354 páginas :
_bil. ;
_c18 cm.
336 _atext
_2rdacontent
337 _aunmediated
_2rdamedia
338 _avolume
_2rdacarrier
490 0 _aEl mundo del hombre: antropología y lingüística
504 _aIncluye bibliografía.
505 0 _aLos movimientos mesiánicos de unificación nacional -- Los movimientos mesiánicos subversivos -- Los movimientos mesiánicos reformistas -- Movimientos mesiánicos de las tribus del oeste norteamericano -- Movimientos mesiánicos entre los indios de América del Sur -- Los mivimientos mesiánicos africanos -- Los movimientos mesiánicos en Oceanía.
526 _aSEG42
526 _aSEG41
526 _aSEG40
526 _aSEG39
526 _aP94
526 _aP87
526 _aP86
526 _aP85
526 _aP77
526 _aP76
526 _aP35
650 0 4 _aMovimientos de protesta (Derechos civiles).
910 _ajck
_bjvq
_cjck
_d20150616
942 _2ddc
_cBOOK
949 _a232.109 P45
_wDEWEY
_c1
_i12847
_lCCODEBUL1
_mBUL
_p00.00
_r0
_sY
_tBOOK
_u19760525
_xTEOLOGIA
_PP35
_0COMPRA
_o.STAFF. Colección general
994 _aC0
_bPEPRU
596 _a1
999 _a232.109 P45
_wDEWEY
_c2134
_i12847
_d2134
_f2021-11-11
_g5
_lCCODEBUL1
_mBUL
_q1
_r0
_sY
_tBOOK
_u2015-6-17
_xTEOLOGIA
_PP35
_0COMPRA
_o.STAFF. Colección general
980 _81
_gALBERTO SANCHEZ Responsable de Automatización